Normal view
MARC view
Entry Personal Name
001 - CONTROL NUMBER
- control field: 30539
003 - CONTROL NUMBER IDENTIFIER
- control field: dpl
005 - DATE AND TIME OF LATEST TRANSACTION
- control field: 20110729152538.0
008 - FIXED-LENGTH DATA ELEMENTS
- fixed length control field: 110729|||a|||||| | ||| d
040 ## - CATALOGING SOURCE
- Original cataloging agency: dpl
- Transcribing agency: dpl
100 ## - HEADING--PERSONAL NAME
- Personal name: Narwekar, Sanjit,
- Dates associated with a name: 1952-
670 ## - SOURCE DATA FOUND
- Source citation: Work cat.: (dpl)0: Shantaram, Kiran, 1943- 30535, V. Shantaram, the legacy of the Royal Lotus /, 2003.
670 ## - SOURCE DATA FOUND
- Source citation: Work cat.: (dpl)0: Shantaram, Kiran, 1943- 30535, V. Shantaram, the legacy of the Royal Lotus /, 2003.
